000 00330pab a2200145 454500
008 180718b1985 xxu||||| |||| 00| 0 eng d
100 _aSabherwal, O.P.
245 _aAkali politics
_bWhat next?
260 _c1985
300 _a6,34
362 _a18 May
650 _aPunjab - Politics
773 _aMainstream
909 _a16836
999 _c16836
_d16836